000 00434nam a2200193Ia 4500
008 170918s9999 xx 000 0 und d
020 _a9780590981828
050 _bP332 1987
100 _aPaulsen, Gary
245 _aHatchet /
245 _cby Gary Paulsen.
260 _aNew York :
260 _bScholastic,
260 _c1987
300 _a195 pages :
300 _billustrations :
300 _c17cm.
500 _a1020
999 _c344167
_d344167